[Event "Hamburg-chT Landesliga 1920"]
[White "Knecht, Guntram"]
[Black "Schueler, Hendrik"]
[Site "Hamburg"]
[Round "5.8"]
[Result "0-1"]
[Date "2020.01.19"]
[WhiteElo "2009"]
[BlackElo "2091"]
[PlyCount "60"]
[EventDate "2019.09.29"]
[EventType "team-tourn"]
[EventRounds "9"]
[EventCountry "GER"]
[SourceTitle "EXT 2021"]
[Source "ChessBase"]
[SourceDate "2020.10.23"]
[SourceVersion "1"]
[SourceVersionDate "2020.10.23"]
[SourceQuality "1"]

1. e4 e6 2. d3 d5 3. Nd2 Nc6 4. Ngf3 Nf6 5. g3 dxe4 6. dxe4 Bc5 7. Bg2 e5 8. 0-0 0-0 9. c3 a5 10. Qe2 b6 11. Nc4 Ba6 12. a4 Ne8 13. Nfd2 Nd6 14. Kh1 Qe7 15. f4 Rad8 16. b3 Nxc4 17. Nxc4 Rd6 18. Qg4 Bxc4 19. bxc4 Rfd8 20. h4 Rd3 21. h5 Qd7 22. f5 f6 23. h6 Kh8 24. Bf3 Qf7 25. Qh4 Be7 26. Be2 Rxc3 27. Kg2 Rc2 28. hxg7+ Kg8 29. Bh6 Rxe2+ 30. Kf3 Nd4+ 0-1

[Event "Hamburg-chT Landesliga 1920"]
[White "Knecht, Guntram"]
[Black "Jarnuczak, Detlev"]
[Site "Hamburg"]
[Round "4.23"]
[Result "1-0"]
[Date "2019.12.08"]
[WhiteElo "2009"]
[BlackElo "1991"]
[PlyCount "63"]
[EventDate "2019.09.29"]
[EventType "team-tourn"]
[EventRounds "9"]
[EventCountry "GER"]
[SourceTitle "EXT 2021"]
[Source "ChessBase"]
[SourceDate "2020.10.23"]
[SourceVersion "1"]
[SourceVersionDate "2020.10.23"]
[SourceQuality "1"]

1. e4 d6 2. d4 Nf6 3. Nc3 Nbd7 4. Nf3 e5 5. g3 c6 6. a4 Be7 7. Bg2 0-0 8. a5 Qc7 9. 0-0 Rb8 10. Re1 b5 11. axb6 axb6 12. Nh4 Re8 13. Nf5 Bf8 14. h3 Bb7 15. b3 Ra8 16. Ba3 g6 17. dxe5 Rxa3 18. Rxa3 dxe5 19. Ra7 gxf5 20. exf5 Qb8 21. Ra1 b5 22. g4 Bb4 23. Re3 Nb6 24. Ne4 Nxe4 25. Bxe4 Nd5 26. Rg3 Nc3 27. Rxc3 Bxc3 28. Qf3 Bxa1 29. f6 c5 30. Bxh7+ Kh8 31. Qf5 e4 32. Bg8 1-0

[Event "Hamburg-chT Landesliga 1819"]
[White "Knecht, Guntram"]
[Black "Leonardi, Karlheinz"]
[Site "Hamburg"]
[Round "9.6"]
[Result "1/2-1/2"]
[Date "2019.04.14"]
[WhiteElo "2020"]
[BlackElo "2131"]
[PlyCount "23"]
[EventDate "2018.10.21"]
[EventType "team-tourn"]
[EventRounds "9"]
[EventCountry "GER"]
[SourceTitle "EXT 2020"]
[Source "ChessBase"]
[SourceDate "2019.10.17"]
[SourceVersion "1"]
[SourceVersionDate "2019.10.17"]
[SourceQuality "1"]
[WhiteTeam "St Pauli III"]
[BlackTeam "Eimsbuettel Union"]
[WhiteTeamCountry "GER"]
[BlackTeamCountry "GER"]

1. e4 d6 2. d4 Nf6 3. Nc3 Nbd7 4. Bg5 h6 5. Be3 e5 6. f3 Be7 7. Qd2 c6 8. 0-0-0 Qc7 9. h4 a6 10. g4 b5 11. Nh3 Nb6 12. Rg1 1/2-1/2

[Event "Latschach op 29th"]
[White "Steiner, Stefan"]
[Black "Knecht, Guntram"]
[Site "Latschach"]
[Round "8"]
[Result "1-0"]
[Date "2013.08.16"]
[WhiteElo "2249"]
[BlackElo "2019"]
[PlyCount "51"]
[EventDate "2013.08.10"]
[EventType "swiss"]
[EventRounds "9"]
[EventCountry "AUT"]
[SourceTitle "CBM 155 Extra"]
[Source "ChessBase"]
[SourceDate "2013.08.26"]
[SourceVersion "1"]
[SourceVersionDate "2013.08.26"]
[SourceQuality "1"]

1. e4 c5 2. Nf3 e6 3. d4 cxd4 4. Nxd4 a6 5. c4 Nf6 6. Nc3 Bb4 7. Bd3 Nc6 8. Nxc6 dxc6 9. e5 Qa5 10. exf6 Bxc3+ 11. bxc3 Qxc3+ 12. Bd2 Qxd3 13. fxg7 Rg8 14. Bh6 Qg6 15. Qd2 Bd7 16. 0-0-0 0-0-0 17. Bf4 f6 18. Bd6 Rxg7 19. Qb4 Qe4 20. Rhe1 c5 21. Qxc5+ Qc6 22. Qa7 Qxc4+ 23. Kb2 Bb5 24. Qb8+ Kd7 25. Be5+ Kc6 26. Qxd8 1-0

[Event "Latschach op 29th"]
[White "Mundorf, Johannes"]
[Black "Knecht, Guntram"]
[Site "Latschach"]
[Round "3"]
[Result "1-0"]
[Date "2013.08.11"]
[WhiteElo "2205"]
[BlackElo "2019"]
[PlyCount "103"]
[EventDate "2013.08.10"]
[EventType "swiss"]
[EventRounds "9"]
[EventCountry "AUT"]
[SourceTitle "CBM 155 Extra"]
[Source "ChessBase"]
[SourceDate "2013.08.26"]
[SourceVersion "1"]
[SourceVersionDate "2013.08.26"]
[SourceQuality "1"]

1. Nf3 f5 2. g3 Nf6 3. Bg2 g6 4. b4 a5 5. b5 Bg7 6. Bb2 0-0 7. c4 d6 8. d4 e5 9. dxe5 Ng4 10. h3 Nxe5 11. Qd5+ Kh8 12. Nxe5 dxe5 13. Bxe5 Qe7 14. Bc3 Nd7 15. 0-0 Ne5 16. Qd2 Be6 17. Qb2 Nxc4 18. Bxg7+ Qxg7 19. Qxg7+ Kxg7 20. Bxb7 Rad8 21. Nc3 Rd2 22. Rac1 Rfd8 23. Rfd1 Rxd1+ 24. Nxd1 Rd2 25. Ne3 Nxe3 26. Rxc7+ Rd7 27. Rxd7+ Bxd7 28. fxe3 Bxb5 29. Kf2 Kf6 30. e4 Ke5 31. exf5 gxf5 32. e3 Bc4 33. a3 Bb3 34. Ke1 h6 35. Kd2 Be6 36. Ba6 Bd5 37. Bf1 Be6 38. Bg2 Bd7 39. Kc3 Bb5 40. Kb3 Kd6 41. Ba8 Kc5 42. Bf3 Bd7 43. Be2 Bc6 44. Bd3 Bd7 45. Bc4 Bc6 46. Be6 Be4 47. Bd7 Bb1 48. Be8 Be4 49. Bg6 Kb5 50. Kc3 Kc5 51. g4 Kd5 52. Bxf5 1-0

[Event "Hamburg-chT Landesliga 1213"]
[White "Knecht, Guntram"]
[Black "Xin, Ruidi"]
[Site "Hamburg"]
[Round "8.7"]
[Result "0-1"]
[Date "2013.04.13"]
[WhiteElo "2051"]
[BlackElo "1879"]
[PlyCount "80"]
[EventDate "2012.10.14"]
[EventType "team-tourn"]
[EventRounds "9"]
[EventCountry "GER"]
[SourceTitle "EXT 2022"]
[Source "ChessBase"]
[SourceDate "2021.10.06"]
[SourceVersion "1"]
[SourceVersionDate "2021.10.06"]
[SourceQuality "1"]
[WhiteTeam "St Pauli"]
[BlackTeam "Hamburg Diogenes II"]
[WhiteTeamCountry "GER"]
[BlackTeamCountry "GER"]

1. f4 Nf6 2. Nf3 d6 3. g3 e5 4. fxe5 dxe5 5. Nxe5 Bd6 6. Nf3 Ng4 7. Bg2 Nxh2 8. Nxh2 Bxg3+ 9. Kf1 Qf6+ 10. Nf3 g5 11. Nc3 Bf5 12. d4 g4 13. Rh6 Qg7 14. Nh4 Bxh4 15. Rxh4 Bxc2 16. Qxc2 Qf6+ 17. Kg1 Qxh4 18. Qe4+ Kf8 19. Qe5 Rg8 20. b3 Nd7 21. Ba3+ c5 22. Qd6+ Ke8 23. dxc5 Rg6 24. Qd4 Rh6 25. Nd5 Qh2+ 26. Kf1 f6 27. Qe3+ Ne5 28. Nc7+ Kf7 29. Nxa8 Rh5 30. Qe4 g3 31. Qxb7+ Kg6 32. Qe4+ Rf5+ 33. Ke1 Qg1+ 34. Kd2 Qxa1 35. Qc2 Qd4+ 36. Kc1 Qg1+ 37. Kb2 Qxg2 38. Nc7 Qc6 39. b4 g2 40. Qb1 Nc4+ 0-1

[Event "Hamburg CupT"]
[White "Schiele, Lars"]
[Black "Knecht, Guntram"]
[Site "Hamburg"]
[Round "1.2"]
[Result "1-0"]
[Date "2012.02.18"]
[WhiteElo "2060"]
[BlackElo "1947"]
[PlyCount "78"]
[EventDate "2012.02.18"]
[EventType "team-k.o."]
[EventRounds "4"]
[EventCountry "GER"]
[SourceTitle "EXT 2022"]
[Source "ChessBase"]
[SourceDate "2021.10.06"]
[SourceVersion "1"]
[SourceVersionDate "2021.10.06"]
[SourceQuality "1"]
[WhiteTeam "Hamburg Weisse Dame"]
[BlackTeam "St Pauli"]
[WhiteTeamCountry "GER"]
[BlackTeamCountry "GER"]

1. e4 c5 2. Nf3 e6 3. d4 cxd4 4. Nxd4 a6 5. Bd3 Bc5 6. Nb3 Be7 7. 0-0 Nc6 8. f4 d6 9. a4 b6 10. Nc3 Nf6 11. Qe1 Qc7 12. Qg3 g6 13. Bd2 Bb7 14. Rae1 0-0 15. Kh1 Rac8 16. e5 Nh5 17. Qh3 dxe5 18. f5 Nd4 19. fxg6 hxg6 20. Qg4 Bf6 21. Ne4 Bg7 22. Nxd4 exd4 23. Qg5 Qd8 24. Bb4 Bxe4 25. Qxd8 Bxg2+ 26. Kxg2 Rfxd8 27. Rf2 a5 28. Ba3 Rd5 29. b3 Bh6 30. Re4 Re8 31. Rf3 Be3 32. Rg4 Kg7 33. Be4 Re5 34. Rxe3 Nf6 35. Rf4 Nh5 36. Rh4 f5 37. Bc6 dxe3 38. Bb2 e2 39. Bxe5+ Nf6 1-0

[Event "Hamburg-chT Landesliga 1011"]
[White "Zimmermann, Martin"]
[Black "Knecht, Guntram"]
[Site "Hamburg"]
[Round "9.6"]
[Result "1/2-1/2"]
[Date "2011.04.17"]
[WhiteElo "2224"]
[BlackElo "2119"]
[PlyCount "81"]
[EventDate "2010.10.10"]
[EventType "team-tourn"]
[EventRounds "9"]
[EventCountry "GER"]
[SourceTitle "EXT 2022"]
[Source "ChessBase"]
[SourceDate "2021.10.06"]
[SourceVersion "1"]
[SourceVersionDate "2021.10.06"]
[SourceQuality "1"]
[WhiteTeam "Hamburg Schachfreunde"]
[BlackTeam "St Pauli"]
[WhiteTeamCountry "GER"]
[BlackTeamCountry "GER"]

1. d4 f5 2. Nf3 Nf6 3. c4 g6 4. Nc3 Bg7 5. g3 0-0 6. Bg2 d6 7. 0-0 Qe8 8. d5 a5 9. Nd4 Na6 10. Bg5 Nc5 11. Rc1 Bd7 12. Rc2 Nfe4 13. Nxe4 Nxe4 14. Be3 c6 15. Nf3 c5 16. Nd2 Nf6 17. Nb1 b5 18. cxb5 Bxb5 19. Nc3 Bd7 20. Qc1 Qf7 21. Bh6 Nh5 22. Bxg7 Qxg7 23. e3 Rab8 24. f4 Nf6 25. Re1 Rb4 26. a3 Rb7 27. Bf3 Rfb8 28. Rg2 h6 29. e4 Ng4 30. Bxg4 Qd4+ 31. Kh1 fxg4 32. Rd2 Qc4 33. Kg1 Kg7 34. e5 Bf5 35. exd6 exd6 36. Re3 h5 37. Qe1 Rxb2 38. Rxb2 Rxb2 39. Re7+ Kh6 40. Rh7+ Kxh7 41. Qe7+ 1/2-1/2

[Event "Hamburg CupT"]
[White "Dumjahn, Carsten"]
[Black "Knecht, Guntram"]
[Site "Hamburg"]
[Round "1.1"]
[Result "1/2-1/2"]
[Date "2011.02.12"]
[WhiteElo "2119"]
[BlackElo "2119"]
[PlyCount "124"]
[EventDate "2011.02.12"]
[EventType "team-k.o."]
[EventRounds "4"]
[EventCountry "GER"]
[SourceTitle "EXT 2022"]
[Source "ChessBase"]
[SourceDate "2021.10.06"]
[SourceVersion "1"]
[SourceVersionDate "2021.10.06"]
[SourceQuality "1"]
[WhiteTeam "Eidelstedt"]
[BlackTeam "St Pauli"]
[WhiteTeamCountry "GER"]
[BlackTeamCountry "GER"]

1. Nf3 f5 2. e4 fxe4 3. Ng5 Nc6 4. d3 e3 5. Bxe3 e5 6. Be2 Be7 7. h4 Nf6 8. Nc3 d5 9. d4 0-0 10. dxe5 Nxe5 11. Bd4 Nf7 12. Qd3 Nxg5 13. Bxf6 Bxf6 14. hxg5 Bxc3+ 15. bxc3 Bf5 16. Qd2 Qd6 17. 0-0 Rae8 18. Rad1 Qc5 19. Bd3 Re5 20. Rfe1 Be4 21. Bxe4 dxe4 22. Qd4 Qe7 23. Re2 b6 24. Rde1 Re8 25. f4 Re6 26. Qc4 Kf8 27. f5 Re5 28. g6 hxg6 29. fxg6 Qc5+ 30. Qd4 Qxd4+ 31. cxd4 R5e6 32. Rf1+ Rf6 33. Ref2 Ree6 34. Re2 Rxf1+ 35. Kxf1 Ke7 36. Kf2 Kf6 37. Ke3 Kxg6 38. Rf2 Kg5 39. Rf4 Rc6 40. Rf2 a5 41. Kxe4 Rc3 42. Kd5 Kg4 43. Re2 g5 44. a4 Kg3 45. Re6 Rxc2 46. Rc6 Rxg2 47. Rxc7 Ra2 48. Rc4 Kf2 49. Kc6 g4 50. d5 g3 51. d6 g2 52. d7 Rd2 53. Rg4 g1Q 54. Rxg1 Kxg1 55. Kc7 b5 56. axb5 a4 57. d8Q Rxd8 58. Kxd8 a3 59. b6 a2 60. b7 a1Q 61. b8Q Qh8+ 62. Kc7 Qxb8+ 1/2-1/2

[Event "Hamburg St Pauli op-A"]
[White "Knecht, Guntram"]
[Black "Hagenlueke, Thomas"]
[Site "Hamburg"]
[Round "3"]
[Result "1-0"]
[Date "2010.07.12"]
[WhiteElo "2138"]
[BlackElo "1939"]
[PlyCount "81"]
[EventDate "2010.07.10"]
[EventType "swiss"]
[EventRounds "9"]
[EventCountry "GER"]
[SourceTitle "EXT 2013"]
[Source "ChessBase"]
[SourceDate "2012.11.22"]
[SourceVersion "1"]
[SourceVersionDate "2012.11.22"]
[SourceQuality "1"]

1. f4 d5 2. Nf3 Nf6 3. g3 g6 4. Bg2 Bg7 5. d3 0-0 6. 0-0 b6 7. c3 Bb7 8. Na3 c5 9. e4 dxe4 10. Ng5 Qd7 11. dxe4 h6 12. e5 Bxg2 13. Kxg2 hxg5 14. exf6 Qc6+ 15. Qf3 Qxf3+ 16. Kxf3 exf6 17. fxg5 Nd7 18. gxf6 Nxf6 19. Bg5 Rfe8 20. Rfe1 a6 21. Rxe8+ Rxe8 22. Bxf6 Bxf6 23. Rd1 Re6 24. Rd5 Kf8 25. Nc2 Ke7 26. Ne3 Bg7 27. g4 Rd6 28. h4 Ke6 29. Rxd6+ Kxd6 30. Nc4+ Kc6 31. Ke4 f6 32. Ne3 b5 33. Ng2 b4 34. cxb4 cxb4 35. b3 a5 36. Nf4 g5 37. Ne6 Bh8 38. h5 Kd6 39. Kf5 Kd5 40. h6 Kd6 41. Nf8 1-0

[Event "Pinneberg-ch"]
[White "Knecht, Guntram"]
[Black "Gollasch, Theo Heinz"]
[Site "Pinneberg"]
[Round "7.6"]
[Result "1/2-1/2"]
[Date "2006.09.28"]
[WhiteElo "2065"]
[BlackElo "2129"]
[PlyCount "120"]
[EventDate "2006.08.22"]
[EventType "swiss"]
[EventRounds "7"]
[EventCountry "GER"]
[SourceTitle "EXT 2007"]
[Source "ChessBase"]
[SourceDate "2006.11.23"]
[SourceVersion "1"]
[SourceVersionDate "2006.11.23"]
[SourceQuality "1"]

1. f4 Nf6 2. Nf3 g6 3. g3 Bg7 4. Bg2 d5 5. 0-0 b6 6. d3 Bb7 7. Qe1 Na6 8. c3 0-0 9. Na3 Nc5 10. b4 Ncd7 11. Bd2 c5 12. Rc1 Ng4 13. bxc5 Nxc5 14. h3 Nf6 15. g4 Qd7 16. Nc2 Qa4 17. Ncd4 Nfd7 18. Qh4 Bf6 19. Qg3 Rae8 20. f5 e5 21. fxe6 Nxe6 22. Bh6 Bg7 23. Nf5 Bxh6 24. Nxh6+ Kg7 25. Nf5+ Kg8 26. Nd6 Rb8 27. Nxb7 Rxb7 28. c4 Qxa2 29. Ne5 Nxe5 30. Qxe5 Rd7 31. Bxd5 Qa5 32. Rf6 Nc7 33. e4 Nxd5 34. cxd5 Qd2 35. Qc3 Qe3+ 36. Kg2 h5 37. gxh5 Qe2+ 38. Kg3 Qxh5 39. Rcf1 Re8 40. Kh2 Qe5+ 41. Qxe5 Rxe5 42. Rc1 Kg7 43. Rcc6 Kh6 44. Kg3 Kg5 45. Kf3 Re8 46. Rf4 Kh6 47. d4 Kg7 48. e5 Rxd5 49. Rc7 Rf8 50. Rxa7 g5 51. Ke4 Rxd4+ 52. Kxd4 gxf4 53. Ke4 Re8 54. Kxf4 Kg6 55. Rb7 Re6 56. Kg4 Rc6 57. Rd7 Rc4+ 58. Kg3 b5 59. Rd6+ Kg5 60. Rf6 Rc3+ 1/2-1/2

[Event "Pinneberg-ch"]
[White "Knecht, Guntram"]
[Black "Hawranke, Dietrich"]
[Site "Pinneberg"]
[Round "6"]
[Result "1-0"]
[Date "2005.09.15"]
[WhiteElo "2014"]
[BlackElo "2073"]
[PlyCount "61"]
[EventDate "2005.08.11"]
[EventType "swiss"]
[EventRounds "7"]
[EventCountry "GER"]
[SourceTitle "EXT 2006"]
[Source "ChessBase"]
[SourceDate "2005.11.24"]
[SourceVersion "1"]
[SourceVersionDate "2005.11.24"]
[SourceQuality "1"]

1. f4 d5 2. Nf3 g6 3. g3 Bg7 4. Bg2 Nf6 5. 0-0 c5 6. d3 Nc6 7. Qe1 0-0 8. e4 dxe4 9. dxe4 Nd4 10. Na3 Nxf3+ 11. Bxf3 Bh3 12. Rf2 Ng4 13. Rd2 Qb6 14. c3 c4+ 15. Kh1 Rad8 16. Nxc4 Qb5 17. Qe2 Rxd2 18. Nxd2 Qd7 19. Nb3 Rd8 20. Be3 b6 21. Kg1 h5 22. e5 f6 23. exf6 exf6 24. Bd4 Kh7 25. Re1 Qa4 26. Qe7 Rd7 27. Qe8 Nh6 28. Re7 Rxe7 29. Qxa4 Re1+ 30. Kf2 Rf1+ 31. Ke2 1-0

[Event "Pinneberg-ch"]
[White "Bokelbrink, Uwe"]
[Black "Knecht, Guntram"]
[Site "Pinneberg"]
[Round "5"]
[Result "1-0"]
[Date "2005.09.08"]
[WhiteElo "2281"]
[BlackElo "2014"]
[PlyCount "47"]
[EventDate "2005.08.11"]
[EventType "swiss"]
[EventRounds "7"]
[EventCountry "GER"]
[SourceTitle "EXT 2006"]
[Source "ChessBase"]
[SourceDate "2005.11.24"]
[SourceVersion "1"]
[SourceVersionDate "2005.11.24"]
[SourceQuality "1"]

1. e4 c5 2. Nf3 e6 3. d4 cxd4 4. Nxd4 a6 5. Nc3 Qc7 6. Be2 Bb4 7. Qd3 Nf6 8. 0-0 0-0 9. Bg5 Bxc3 10. bxc3 d6 11. f4 Nbd7 12. Bf3 Rb8 13. Rad1 Nc5 14. Qe3 Bd7 15. Bxf6 gxf6 16. f5 e5 17. Ne2 Bb5 18. Ng3 Bxf1 19. Qh6 Kh8 20. Nh5 Ne6 21. Nxf6 Ng5 22. Qxg5 Rg8 23. Nxg8 Bxg2 24. Qf6+ 1-0

[Event "Pinneberg-ch"]
[White "Knecht, Guntram"]
[Black "Kuhn, Gerd"]
[Site "Pinneberg"]
[Round "4"]
[Result "1-0"]
[Date "2005.09.01"]
[WhiteElo "2014"]
[BlackElo "2232"]
[PlyCount "79"]
[EventDate "2005.08.11"]
[EventType "swiss"]
[EventRounds "7"]
[EventCountry "GER"]
[SourceTitle "EXT 2006"]
[Source "ChessBase"]
[SourceDate "2005.11.24"]
[SourceVersion "1"]
[SourceVersionDate "2005.11.24"]
[SourceQuality "1"]

1. f4 d5 2. g3 h5 3. Nf3 h4 4. Nxh4 Rxh4 5. gxh4 e5 6. Bg2 Qxh4+ 7. Kf1 Qxf4+ 8. Kg1 Nf6 9. Qf1 Qh4 10. Qf2 Qh7 11. Nc3 Be6 12. Qg3 Nbd7 13. d3 0-0-0 14. Bg5 Bc5+ 15. Kf1 c6 16. Rb1 Rf8 17. b4 Bd4 18. Nd1 e4 19. b5 Qf5+ 20. Ke1 Be5 21. Qh4 c5 22. a4 Nh7 23. Be3 Nhf6 24. Qf2 Qh5 25. Bxc5 Ng4 26. Qg1 e3 27. Bxe3 Nxe3 28. Qxe3 Qh4+ 29. Kf1 Qxa4 30. c4 Re8 31. cxd5 Bg4 32. Qe4 Qxe4 33. Bxe4 f5 34. h3 Bxe2+ 35. Kxe2 fxe4 36. dxe4 Nf6 37. Nf2 Bd4 38. Ng4 Nxg4 39. hxg4 Rxe4+ 40. Kd3 1-0

[Event "Pinneberg-ch"]
[White "Nonnenmacher, Thomas"]
[Black "Knecht, Guntram"]
[Site "Pinneberg"]
[Round "3"]
[Result "0-1"]
[Date "2005.08.25"]
[WhiteElo "2215"]
[BlackElo "2014"]
[PlyCount "52"]
[EventDate "2005.08.11"]
[EventType "swiss"]
[EventRounds "7"]
[EventCountry "GER"]
[SourceTitle "EXT 2006"]
[Source "ChessBase"]
[SourceDate "2005.11.24"]
[SourceVersion "1"]
[SourceVersionDate "2005.11.24"]
[SourceQuality "1"]

1. c4 f5 2. d4 Nf6 3. g3 g6 4. Bg2 Bg7 5. Nc3 0-0 6. e3 d6 7. Nge2 e5 8. 0-0 c6 9. b3 Qe7 10. Ba3 e4 11. b4 Be6 12. d5 Bf7 13. Qb3 Nbd7 14. Rad1 Ne5 15. Nd4 Rac8 16. Rfe1 Rc7 17. f4 exf3 18. Nxf3 Nfg4 19. e4 cxd5 20. Nxd5 Bxd5 21. exd5 Qf6 22. c5 Nxf3+ 23. Bxf3 Re7 24. cxd6 Rxe1+ 25. Rxe1 Qd4+ 26. Kh1 Qf2 0-1

[Event "Pinneberg-ch"]
[White "Knecht, Guntram"]
[Black "Cassens, Erhard Otto"]
[Site "Pinneberg"]
[Round "2"]
[Result "1-0"]
[Date "2005.08.18"]
[WhiteElo "2014"]
[BlackElo "1777"]
[PlyCount "81"]
[EventDate "2005.08.11"]
[EventType "swiss"]
[EventRounds "7"]
[EventCountry "GER"]
[SourceTitle "EXT 2006"]
[Source "ChessBase"]
[SourceDate "2005.11.24"]
[SourceVersion "1"]
[SourceVersionDate "2005.11.24"]
[SourceQuality "1"]

1. f4 d5 2. Nf3 c5 3. g3 Nc6 4. Bg2 e6 5. 0-0 Be7 6. d3 Nf6 7. Qe1 b6 8. Na3 0-0 9. c3 Ba6 10. Rb1 Rc8 11. b4 Nb8 12. h3 h6 13. g4 Nh7 14. Qg3 cxb4 15. cxb4 Bd6 16. Ne5 Qe8 17. Bd2 f6 18. Nf3 Rf7 19. Qf2 Rfc7 20. Nd4 Nf8 21. f5 Kh8 22. fxe6 Nxe6 23. Nf5 Bf8 24. Bxd5 Rd7 25. Bg2 g6 26. Nxh6 Bxh6 27. Bxh6 Kh7 28. Qh4 Rf7 29. Bg5+ Kg8 30. Bxf6 Rh7 31. Qf2 Nd7 32. b5 Rf7 33. g5 Nxf6 34. gxf6 Rc3 35. Nc4 Rxc4 36. dxc4 Bc8 37. Bd5 Qd7 38. Qg3 Bb7 39. Qxg6+ Kf8 40. Qe4 Bxd5 41. Qxd5 1-0

[Event "Faaker See op 19th"]
[White "Scholvin, Bjoern"]
[Black "Knecht, Guntram"]
[Site "Faaker See"]
[Round "9"]
[Result "1-0"]
[Date "2003.08.16"]
[WhiteElo "2172"]
[BlackElo "2045"]
[PlyCount "37"]
[EventDate "2003.08.09"]
[EventType "swiss"]
[EventRounds "9"]
[EventCountry "AUT"]
[SourceTitle "CBM 095 Extra"]
[Source "ChessBase"]
[SourceDate "2003.09.04"]
[SourceVersion "1"]
[SourceVersionDate "2003.09.04"]
[SourceQuality "1"]

1. e4 c5 2. Nf3 e6 3. b3 a6 4. Bb2 d6 5. Bd3 Nf6 6. e5 dxe5 7. Nxe5 Be7 8. 0-0 0-0 9. f4 Nfd7 10. Qh5 h6 11. Rf3 Nxe5 12. Bxe5 Bf6 13. Nc3 Nd7 14. Re1 b5 15. Rg3 Kh8 16. Ree3 Nxe5 17. fxe5 Bg5 18. Rxg5 Qxg5 19. Qxg5 1-0

[Event "Faaker See op 19th"]
[White "Frank, Paul"]
[Black "Knecht, Guntram"]
[Site "Faaker See"]
[Round "5"]
[Result "1-0"]
[Date "2003.08.12"]
[WhiteElo "2188"]
[BlackElo "2045"]
[PlyCount "43"]
[EventDate "2003.08.09"]
[EventType "swiss"]
[EventRounds "9"]
[EventCountry "AUT"]
[SourceTitle "CBM 095 Extra"]
[Source "ChessBase"]
[SourceDate "2003.09.04"]
[SourceVersion "1"]
[SourceVersionDate "2003.09.04"]
[SourceQuality "1"]

1. d4 Nf6 2. Nf3 g6 3. c4 Bg7 4. Nc3 d5 5. e3 c5 6. Be2 cxd4 7. exd4 0-0 8. 0-0 dxc4 9. Bxc4 Bg4 10. Be3 e6 11. h3 Bxf3 12. Qxf3 Nc6 13. Rfd1 Rc8 14. Bf1 b6 15. Ba6 Rc7 16. Nb5 Rd7 17. Qxc6 Nd5 18. Nc3 Rd6 19. Qa4 Nxe3 20. fxe3 Qg5 21. Re1 f5 22. Qc2 1-0